[Event "EU-ch (Women) 24th"]
[Site "Rhodes"]
[Date "2024.04.23"]
[Round "5"]
[White "Donghvani, Nia"]
[Black "Sandu, Mihaela"]
[Result "0-1"]
[WhiteElo "2028"]
[BlackElo "2253"]
[PlyCount "102"]
[EventDate "2024.04.19"]
[EventType "swiss"]
[EventRounds "10"]
[EventCountry "GRE"]
[SourceTitle "CB18_2024"]
[SourceDate "2024.05.01"]
[SourceVersion "1"]
[SourceVersionDate "2024.05.01"]
[SourceQuality "2"]

1. c4 Nf6 2. Nc3 g6 3. g3 Bg7 4. Bg2 0-0 5. d4 d6 6. Nf3 Nc6 7. 0-0 a6 8. Bf4 Bd7 9. Qd2 Re8 10. d5 Na5 11. b3 c5 12. e4 b5 13. e5 Nh5 14. cxb5 Nxf4 15. Qxf4 axb5 16. Rac1 Ra6 17. e6 fxe6 18. dxe6 Rf8 19. Qh4 Bf6 20. Ng5 Bxg5 21. Qxg5 Bc6 22. f4 Rf5 23. Qh4 Bxg2 24. Kxg2 Nc6 25. g4 Rf6 26. f5 Nd4 27. fxg6 Qa8+ 28. Kg1 Rxg6 29. Qh3 Rxe6 30. Rf2 Rf6 31. Rcf1 b4 32. Na4 Qe8 33. Rxf6 exf6 34. Rxf6 Ra7 35. Qg2 Re7 36. Qd5+ Kg7 37. Rf1 Re2 38. Qg5+ Qg6 39. Qxg6+ Kxg6 40. Rf2 Rxf2 41. Kxf2 Kg5 42. Kg3 Ne2+ 43. Kf3 Nc1 44. Nb6 Nxa2 45. Nc4 Nc1 46. Nxd6 Nxb3 47. Ne4+ Kg6 48. Ke3 c4 49. h4 c3 50. Kd3 Nc1+ 51. Kc2 Ne2 0-1

[Event "EU-ch (Women) 24th"]
[Site "Rhodes"]
[Date "2024.04.21"]
[Round "3"]
[White "Donghvani, Nia"]
[Black "Savina, Anastasia"]
[Result "1/2-1/2"]
[WhiteElo "2028"]
[BlackElo "2330"]
[PlyCount "95"]
[EventDate "2024.04.19"]
[EventType "swiss"]
[EventRounds "10"]
[EventCountry "GRE"]
[SourceTitle "CB18_2024"]
[SourceDate "2024.05.01"]
[SourceVersion "1"]
[SourceVersionDate "2024.05.01"]
[SourceQuality "2"]

1. e4 c5 2. Nf3 Nc6 3. d4 cxd4 4. Nxd4 e5 5. Nb5 d6 6. N1c3 a6 7. Na3 Be6 8. Nc4 b5 9. Ne3 Nf6 10. Ned5 Be7 11. Be3 0-0 12. a3 Bxd5 13. exd5 Na5 14. Be2 Nc4 15. Bc1 Rc8 16. 0-0 Nd7 17. b3 Ncb6 18. Na2 Bg5 19. Nb4 Nb8 20. f4 exf4 21. Bf3 a5 22. Nd3 N8d7 23. Bd2 a4 24. Nxf4 Bf6 25. Rb1 Bc3 26. Be3 Re8 27. Bf2 Nc5 28. Ne2 Be5 29. Nd4 Qg5 30. Nxb5 Qh6 31. g3 Qg6 32. Bg2 axb3 33. cxb3 Nbd7 34. Re1 Nd3 35. Re2 Nxf2 36. Rxf2 Nc5 37. Rf1 Nd3 38. Qd2 h5 39. Bh3 Nf4 40. Bxc8 Rxc8 41. Rbc1 Rxc1 42. Rxc1 h4 43. Rc8+ Kh7 44. Qc2 f5 45. Rf8 hxg3 46. Qxf5 Ne2+ 47. Kg2 Nf4+ 48. Kg1 1/2-1/2

[Event "GEO-ch Blitz (Women)"]
[Site "Tbilisi"]
[Date "2023.12.07"]
[Round "10"]
[White "Tevzadze, Mariam"]
[Black "Donghvani, Nia"]
[Result "1-0"]
[WhiteElo "1810"]
[BlackElo "2040"]
[PlyCount "107"]
[EventDate "2023.12.05"]
[EventType "swiss (blitz)"]
[EventRounds "13"]
[EventCountry "GEO"]
[SourceTitle "CB50_2023"]
[SourceDate "2023.12.13"]
[SourceVersion "1"]
[SourceVersionDate "2023.12.13"]
[SourceQuality "1"]

1. d4 Nf6 2. Nf3 c5 3. c3 e6 4. Bf4 cxd4 5. cxd4 Nc6 6. Nc3 Qb6 7. Rb1 Bb4 8. Qd3 0-0 9. Bd2 d5 10. a3 Bd6 11. b4 e5 12. dxe5 Nxe5 13. Nxe5 Bxe5 14. Nxd5 Nxd5 15. Qxd5 Qg6 16. Rd1 Bb2 17. e3 Be6 18. Qd3 Qg4 19. Qe2 Qg6 20. Qd3 Qg4 21. h3 Qg5 22. e4 Qf6 23. Be2 Rad8 24. Qf3 Qg6 25. 0-0 Be5 26. Bf4 Bf6 27. Qg3 Qxe4 28. Bf3 Qf5 29. Bxb7 Rxd1 30. Rxd1 Qc2 31. Bf3 Bf5 32. Re1 Bg6 33. h4 Qb2 34. h5 Bc2 35. h6 g6 36. Bg5 Bc3 37. Rf1 Qxa3 38. Qf4 Qxb4 39. Qe3 Bh8 40. Rc1 Bf5 41. Be7 Qb8 42. Bxf8 Qxf8 43. Bb7 Qb4 44. Qe8+ Qf8 45. Qb5 Qxh6 46. Re1 Bg7 47. Bf3 Bf8 48. Qa6 Qd2 49. Rd1 Qb4 50. Qxa7 Bc2 51. Rc1 Qb2 52. Qe3 Bc5 53. Qd2 Bf5 54. Qxb2 1-0

[Event "GEO-ch Blitz (Women)"]
[Site "Tbilisi"]
[Date "2023.12.06"]
[Round "4"]
[White "Donghvani, Nia"]
[Black "Khurtsilava, Inga"]
[Result "0-1"]
[WhiteElo "2040"]
[BlackElo "2186"]
[PlyCount "50"]
[EventDate "2023.12.05"]
[EventType "swiss (blitz)"]
[EventRounds "13"]
[EventCountry "GEO"]
[SourceTitle "CB50_2023"]
[SourceDate "2023.12.13"]
[SourceVersion "1"]
[SourceVersionDate "2023.12.13"]
[SourceQuality "1"]

1. c4 c5 2. Nc3 Nc6 3. g3 g6 4. Bg2 Bg7 5. e3 e6 6. Nge2 Nge7 7. 0-0 0-0 8. Rb1 d5 9. cxd5 exd5 10. d4 Bf5 11. Ra1 c4 12. b3 Bd3 13. bxc4 Bxc4 14. Re1 b5 15. a3 a5 16. e4 b4 17. Nxd5 Nxd5 18. exd5 Bxd5 19. Bxd5 Qxd5 20. Be3 g5 21. Qd2 h6 22. Rec1 Rfd8 23. Rc5 Qxc5 24. dxc5 Rxd2 25. Bxd2 Bxa1 0-1

[Event "GEO-ch Blitz (Women)"]
[Site "Tbilisi"]
[Date "2023.12.06"]
[Round "1"]
[White "Khukhashvili, Sopiko"]
[Black "Donghvani, Nia"]
[Result "1-0"]
[WhiteElo "2314"]
[BlackElo "2040"]
[PlyCount "63"]
[EventDate "2023.12.05"]
[EventType "swiss (blitz)"]
[EventRounds "13"]
[EventCountry "GEO"]
[SourceTitle "CB50_2023"]
[SourceDate "2023.12.13"]
[SourceVersion "1"]
[SourceVersionDate "2023.12.13"]
[SourceQuality "1"]

1. e4 c5 2. Nf3 Nc6 3. Nc3 d6 4. d4 cxd4 5. Nxd4 e6 6. Be2 Be7 7. 0-0 Nf6 8. Kh1 0-0 9. f4 a6 10. a4 Qc7 11. Nb3 b6 12. Bf3 Bb7 13. g4 Nd7 14. g5 f6 15. h4 fxg5 16. hxg5 Nd8 17. Bg2 Qc4 18. Nd4 Rc8 19. Be3 g6 20. Qg4 Nc5 21. Bg1 e5 22. fxe5 dxe5 23. Nde2 Nf7 24. b3 Qb4 25. Be3 b5 26. Na2 Qa3 27. Bc1 Qxc1 28. Raxc1 bxa4 29. b4 Nxe4 30. Bxe4 Nxg5 31. Bxb7 Rxf1+ 32. Rxf1 1-0

[Event "EU-ch (Women) 23rd"]
[Site "Petrovac"]
[Date "2023.03.27"]
[Round "9"]
[White "Donghvani, Nia"]
[Black "Lehaci, Miruna Daria"]
[Result "0-1"]
[WhiteElo "2025"]
[BlackElo "2202"]
[PlyCount "88"]
[EventDate "2023.03.18"]
[EventType "swiss"]
[EventRounds "11"]
[EventCountry "MNE"]
[SourceTitle "CBM 213 Extra"]
[Source "ChessBase"]
[SourceDate "2023.05.31"]
[SourceVersion "1"]
[SourceVersionDate "2023.05.31"]
[SourceQuality "1"]

1. e4 c5 2. Nf3 Nc6 3. d4 cxd4 4. Nxd4 Nf6 5. Nc3 d6 6. Bg5 a6 7. Qd2 e6 8. 0-0-0 Bd7 9. f4 b5 10. Bxf6 gxf6 11. Kb1 Qb6 12. Nxc6 Bxc6 13. f5 h5 14. fxe6 fxe6 15. Qe2 Kf7 16. Qf3 Qc5 17. Bd3 Bh6 18. Rhf1 Bg5 19. Qh3 Qe5 20. Nd5 Rae8 21. Nc7 Rc8 22. Nxa6 Bxe4 23. Bxe4 Qxe4 24. Qb3 d5 25. Nb4 Qc4 26. Qxc4 Rxc4 27. c3 h4 28. Rf3 Rg4 29. Rf2 Re4 30. Nc2 f5 31. Nd4 b4 32. Rf3 Bf6 33. Nb5 Re2 34. Nd4 Rxg2 35. cxb4 Rxh2 36. b5 h3 37. b6 Bxd4 38. Rxd4 Rh1+ 39. Kc2 h2 40. Rc3 Rg1 41. Rc7+ Kf6 42. b7 h1Q 43. Kb3 Rb8 44. Rb4 Rg7 0-1

[Event "EU-ch (Women) 23rd"]
[Site "Petrovac"]
[Date "2023.03.22"]
[Round "5"]
[White "Sieber, Fiona"]
[Black "Donghvani, Nia"]
[Result "0-1"]
[WhiteElo "2217"]
[BlackElo "2025"]
[PlyCount "88"]
[EventDate "2023.03.18"]
[EventType "swiss"]
[EventRounds "11"]
[EventCountry "MNE"]
[SourceTitle "CBM 213 Extra"]
[Source "ChessBase"]
[SourceDate "2023.05.31"]
[SourceVersion "1"]
[SourceVersionDate "2023.05.31"]
[SourceQuality "1"]

1. e4 c5 2. Nf3 e6 3. d4 cxd4 4. Nxd4 Nf6 5. Nc3 Nc6 6. Nxc6 bxc6 7. e5 Nd5 8. Ne4 Qc7 9. f4 Qb6 10. c4 Bb4+ 11. Ke2 f5 12. exf6 Nxf6 13. Be3 Qd8 14. Nd6+ Bxd6 15. Qxd6 Bb7 16. Rd1 Rc8 17. Rg1 c5 18. g4 Qe7 19. Qxe7+ Kxe7 20. f5 d5 21. g5 Ne4 22. cxd5 exd5 23. Bg2 d4 24. Bc1 Rhe8 25. Rge1 Kf7 26. Kf1 Rcd8 27. Kg1 c4 28. Bd2 Rd7 29. Be3 d3 30. Rf1 c3 31. bxc3 Nxc3 32. Bxb7 Nxd1 33. Bc6 Nxe3 34. Bxd7 Rd8 35. Be6+ Ke7 36. Bb3 Nxf1 37. Kxf1 d2 38. Ke2 Rd4 39. Kd1 a5 40. Bg8 h6 41. gxh6 gxh6 42. h4 Kf6 43. Be6 Rd8 44. a3 Rd4 0-1

[Event "GEO-ch (Women) 80th"]
[Site "Tbilisi"]
[Date "2023.02.15"]
[Round "9"]
[White "Donghvani, Nia"]
[Black "Arabidze, Meri"]
[Result "0-1"]
[WhiteElo "2030"]
[BlackElo "2427"]
[PlyCount "92"]
[EventDate "2023.02.06"]
[EventType "tourn"]
[EventRounds "9"]
[EventCountry "GEO"]
[SourceTitle "CBM 212 Extra"]
[Source "ChessBase"]
[SourceDate "2023.03.31"]
[SourceVersion "1"]
[SourceVersionDate "2023.03.31"]
[SourceQuality "1"]

1. e4 e5 2. Nf3 Nc6 3. Bb5 a6 4. Ba4 Nf6 5. 0-0 b5 6. Bb3 Bc5 7. d3 d6 8. a4 Rb8 9. axb5 axb5 10. c3 Bg4 11. h3 Bh5 12. Nbd2 0-0 13. Re1 Re8 14. Nf1 Bg6 15. Bg5 Qd7 16. Bxf6 gxf6 17. Nh4 Ne7 18. Ng3 d5 19. Qf3 Kg7 20. exd5 Bd6 21. d4 exd4 22. Nh5+ Bxh5 23. Qxh5 Ng6 24. Nf5+ Kh8 25. Nxd4 Re5 26. Rxe5 Bxe5 27. Nf3 Bd6 28. Bc2 b4 29. c4 Bc5 30. b3 Qd6 31. Re1 Qg3 32. Re2 Ra8 33. Nh2 Ra1+ 34. Nf1 Kg7 35. Qf5 Qc3 36. h4 Rc1 37. h5 Qa1 38. hxg6 Rxf1+ 39. Kh2 hxg6 40. Qe4 Bxf2 41. g3 Bc5 42. Qg2 Rg1 43. Qe4 Bd6 44. Re3 Qf1 45. Qf3 Bxg3+ 46. Qxg3 Rh1# 0-1

[Event "GEO-ch (Women) 80th"]
[Site "Tbilisi"]
[Date "2023.02.09"]
[Round "4"]
[White "Esadze, Tamari"]
[Black "Donghvani, Nia"]
[Result "1/2-1/2"]
[WhiteElo "1981"]
[BlackElo "2030"]
[PlyCount "63"]
[EventDate "2023.02.06"]
[EventType "tourn"]
[EventRounds "9"]
[EventCountry "GEO"]
[SourceTitle "CBM 212 Extra"]
[Source "ChessBase"]
[SourceDate "2023.03.31"]
[SourceVersion "1"]
[SourceVersionDate "2023.03.31"]
[SourceQuality "1"]

1. e4 c5 2. Nf3 d6 3. d4 cxd4 4. Nxd4 Nf6 5. Nc3 a6 6. Bg5 e6 7. f4 h6 8. Bxf6 Qxf6 9. Qd2 g5 10. f5 Bg7 11. 0-0-0 0-0 12. g4 Nd7 13. Nf3 Ne5 14. Nxe5 dxe5 15. Qd6 b5 16. Qc7 b4 17. Na4 exf5 18. gxf5 Bxf5 19. exf5 Qxf5 20. Nb6 Rab8 21. Bxa6 Qe6 22. Nd7 Qxa6 23. Nxb8 Qxa2 24. Rhe1 e4 25. Rd8 Qxb2+ 26. Kd1 Bc3 27. Rxf8+ Kxf8 28. Qd6+ Kg7 29. Rxe4 Qb1+ 30. Ke2 Qe1+ 31. Kf3 Qh1+ 32. Ke3 1/2-1/2

[Event "GEO-ch (Women) 80th"]
[Site "Tbilisi"]
[Date "2023.02.08"]
[Round "3"]
[White "Donghvani, Nia"]
[Black "Javakhishvili, Lela"]
[Result "1/2-1/2"]
[WhiteElo "2030"]
[BlackElo "2440"]
[PlyCount "104"]
[EventDate "2023.02.06"]
[EventType "tourn"]
[EventRounds "9"]
[EventCountry "GEO"]
[SourceTitle "CBM 212 Extra"]
[Source "ChessBase"]
[SourceDate "2023.03.31"]
[SourceVersion "1"]
[SourceVersionDate "2023.03.31"]
[SourceQuality "1"]

1. e4 c5 2. Nf3 Nc6 3. d4 cxd4 4. Nxd4 Qb6 5. Nb3 Nf6 6. Nc3 e6 7. a3 a6 8. Be2 Be7 9. 0-0 d6 10. Be3 Qc7 11. f4 b5 12. Kh1 Bb7 13. Bf3 0-0 14. Qe2 Rfe8 15. Qf2 Nd7 16. Rad1 Rab8 17. Qg3 Bf8 18. e5 f5 19. exf6 Nxf6 20. f5 exf5 21. Bg5 Qf7 22. Qh4 Re5 23. Bf4 Qg6 24. Bxe5 dxe5 25. Nd5 Nxd5 26. Bxd5+ Kh8 27. Qh3 f4 28. Rfe1 Rd8 29. Bxc6 Rxd1 30. Rxd1 Qxc6 31. Rd8 Qf6 32. Qh4 g5 33. Rxf8+ Qxf8 34. Qxg5 Qd6 35. h4 h6 36. Qg4 e4 37. Na5 Bd5 38. Qc8+ Kg7 39. Nb7 Qf6 40. Qd7+ Qf7 41. Qg4+ Kh8 42. Qc8+ Qg8 43. Qc3+ Qg7 44. Qc8+ Bg8 45. Nd6 Qf6 46. Nf5 e3 47. Kg1 Qxb2 48. Qc6 Qa1+ 49. Kh2 Qe5 50. Qxh6+ Bh7 51. Qf8+ Bg8 52. Qh6+ Bh7 1/2-1/2

[Event "GEO-ch (Women) 80th"]
[Site "Tbilisi"]
[Date "2023.02.06"]
[Round "1"]
[White "Tsetskhladze, Mariam"]
[Black "Donghvani, Nia"]
[Result "0-1"]
[WhiteElo "1747"]
[BlackElo "2030"]
[PlyCount "56"]
[EventDate "2023.02.06"]
[EventType "tourn"]
[EventRounds "9"]
[EventCountry "GEO"]
[SourceTitle "CBM 212 Extra"]
[Source "ChessBase"]
[SourceDate "2023.03.31"]
[SourceVersion "1"]
[SourceVersionDate "2023.03.31"]
[SourceQuality "1"]

1. e4 c6 2. d4 d5 3. e5 c5 4. dxc5 e6 5. Be3 Nd7 6. Bb5 Ne7 7. Nf3 Nc6 8. c4 Nxc5 9. cxd5 exd5 10. Nc3 Be6 11. 0-0 a6 12. Be2 Be7 13. a3 0-0 14. b4 Ne4 15. Nxe4 dxe4 16. Nd4 Nxd4 17. Bxd4 Rc8 18. f3 exf3 19. Bxf3 Rc4 20. Bf2 Qc7 21. Re1 Rd8 22. Qe2 g6 23. Red1 Rxd1+ 24. Rxd1 b5 25. Bd4 a5 26. bxa5 Rxd4 27. Rxd4 Bc5 28. Qf2 Qa7 0-1

[Event "EU-ch U18 Girls 30th"]
[Site "Antalya"]
[Date "2022.11.13"]
[Round "8"]
[White "Donghvani, Nia"]
[Black "Sinitsina, Anastassia"]
[Result "1/2-1/2"]
[WhiteElo "1951"]
[BlackElo "2149"]
[PlyCount "86"]
[EventDate "2022.11.06"]
[EventType "swiss"]
[EventRounds "9"]
[EventCountry "TUR"]
[SourceTitle "CBM 211 Extra"]
[Source "ChessBase"]
[SourceDate "2023.01.31"]
[SourceVersion "1"]
[SourceVersionDate "2023.01.31"]
[SourceQuality "1"]

1. d4 Nf6 2. c4 g6 3. g3 Bg7 4. Bg2 d5 5. cxd5 Nxd5 6. e4 Nb6 7. Ne2 c5 8. d5 e6 9. Nec3 exd5 10. exd5 0-0 11. 0-0 Nc4 12. Nd2 Nxd2 13. Bxd2 Nd7 14. Be3 b6 15. d6 Ba6 16. Re1 Rb8 17. Nd5 Bb7 18. Qd2 Bxd5 19. Bxd5 Ne5 20. Bf4 Re8 21. Rad1 Qd7 22. b4 Rbc8 23. bxc5 bxc5 24. Rb1 Kh8 25. Bg2 c4 26. Rb7 c3 27. Qd5 Nf3+ 28. Bxf3 Rxe1+ 29. Kg2 Qe6 30. d7 Rd8 31. Rb8 Rxb8 32. Bxb8 Qxd5 33. Bxd5 Bf6 34. Bb3 Re2 35. Bf4 Kg8 36. Kf3 Re1 37. Be3 Bd8 38. Bxa7 Re7 39. Ba4 c2 40. Bxc2 Rxd7 41. Be3 Kg7 42. g4 Ba5 43. Be4 Rd1 1/2-1/2

[Event "EU-ch U18 Girls 30th"]
[Site "Antalya"]
[Date "2022.11.09"]
[Round "4"]
[White "Lehaci, Miruna Daria"]
[Black "Donghvani, Nia"]
[Result "1/2-1/2"]
[WhiteElo "2115"]
[BlackElo "1951"]
[PlyCount "114"]
[EventDate "2022.11.06"]
[EventType "swiss"]
[EventRounds "9"]
[EventCountry "TUR"]
[SourceTitle "CBM 211 Extra"]
[Source "ChessBase"]
[SourceDate "2023.01.31"]
[SourceVersion "1"]
[SourceVersionDate "2023.01.31"]
[SourceQuality "1"]

1. e4 c5 2. Nf3 d6 3. d4 cxd4 4. Nxd4 Nf6 5. Nc3 a6 6. h3 e6 7. g4 h6 8. Bg2 Nbd7 9. Be3 Ne5 10. f4 Nc4 11. Bc1 e5 12. Nf5 Qb6 13. Qe2 Be6 14. Nd5 Nxd5 15. exd5 Bxd5 16. fxe5 Bxg2 17. Qxg2 dxe5 18. Qe4 Qc6 19. Qxc6+ bxc6 20. Ke2 g6 21. Ng3 Bg7 22. b3 Nd6 23. c4 0-0 24. Ba3 Rfd8 25. Rad1 Bf8 26. Bb2 Re8 27. h4 a5 28. h5 a4 29. hxg6 fxg6 30. c5 Nb5 31. b4 a3 32. Ba1 Nd4+ 33. Kd3 Red8 34. Kc4 Bg7 35. Bc3 Nb5 36. Ne4 Rxd1 37. Rxd1 Rf8 38. Bd2 Rd8 39. Re1 Nd4 40. Re3 Nb5 41. Rd3 Rxd3 42. Kxd3 h5 43. gxh5 gxh5 44. Be1 Kf7 45. Nc3 Nxc3 46. Kxc3 e4+ 47. Kc4 Ke6 48. b5 cxb5+ 49. Kxb5 Kd7 50. c6+ Kc8 51. Bg3 e3 52. Kc4 e2 53. Kd3 Be5 54. Be1 Kc7 55. Kxe2 Kxc6 56. Bb4 Bd6 57. Bxa3 Bxa3 1/2-1/2

[Event "FIDE Youth Super Final U18 g"]
[Site "Tornelo INT"]
[Date "2021.12.20"]
[Round "6"]
[White "Beydullayeva, Govhar"]
[Black "Donghvani, Nia"]
[Result "1-0"]
[WhiteElo "2290"]
[BlackElo "1983"]
[PlyCount "89"]
[EventDate "2021.12.18"]
[EventType "tourn (rapid)"]
[EventRounds "10"]
[EventCountry "NET"]
[SourceTitle "EXT 2023"]
[Source "ChessBase"]
[SourceDate "2022.10.05"]
[SourceVersion "1"]
[SourceVersionDate "2022.10.05"]
[SourceQuality "1"]

1. Nf3 c5 2. c4 Nc6 3. d4 cxd4 4. Nxd4 g6 5. e4 Bg7 6. Be3 d6 7. Nc3 Nf6 8. Be2 0-0 9. 0-0 Bd7 10. Qd2 Rc8 11. f3 Ne5 12. b3 a6 13. Rac1 Re8 14. Nd5 Bc6 15. Nxc6 bxc6 16. Nxf6+ Bxf6 17. f4 Nd7 18. Bg4 Rc7 19. Rfd1 Bg7 20. e5 f5 21. exf6 Nxf6 22. Be6+ Kh8 23. Bb6 Qb8 24. Bxc7 Qxc7 25. Re1 Rf8 26. Re2 Qa7+ 27. Kh1 Ne8 28. Rce1 Nc7 29. Bg4 e5 30. Qxd6 Ne8 31. Qxc6 Nf6 32. Bf3 exf4 33. Re7 Qf2 34. Qe6 g5 35. Qe2 Qh4 36. h3 h5 37. Bd5 g4 38. Rxg7 f3 39. Qe7 fxg2+ 40. Bxg2 Qxe1+ 41. Qxe1 Kxg7 42. hxg4 hxg4 43. c5 Rh8+ 44. Kg1 Re8 45. Qc1 1-0

[Event "FIDE Youth Super Final U18 g"]
[Site "Tornelo INT"]
[Date "2021.12.20"]
[Round "5"]
[White "Donghvani, Nia"]
[Black "Beydullayeva, Govhar"]
[Result "0-1"]
[WhiteElo "1983"]
[BlackElo "2290"]
[PlyCount "102"]
[EventDate "2021.12.18"]
[EventType "tourn (rapid)"]
[EventRounds "10"]
[EventCountry "NET"]
[SourceTitle "EXT 2023"]
[Source "ChessBase"]
[SourceDate "2022.10.05"]
[SourceVersion "1"]
[SourceVersionDate "2022.10.05"]
[SourceQuality "1"]

1. c4 e6 2. Nc3 c5 3. Nf3 Nf6 4. e4 Nc6 5. Be2 d5 6. exd5 exd5 7. d4 dxc4 8. d5 Nb4 9. Bxc4 Bd6 10. 0-0 0-0 11. Bg5 Bf5 12. a3 Na6 13. Qd2 Nc7 14. a4 h6 15. Bh4 Re8 16. Rfe1 a6 17. a5 Rxe1+ 18. Rxe1 Nce8 19. Na4 Qc7 20. Nb6 Rb8 21. Qe2 Bg4 22. Bg3 Bxg3 23. hxg3 Nd6 24. Bd3 Re8 25. Qc2 Rxe1+ 26. Nxe1 Qe7 27. Nf3 Bxf3 28. gxf3 Qe1+ 29. Kg2 Qxa5 30. Nc4 Qc7 31. Ne3 b5 32. b3 Nc8 33. Be4 Nd6 34. Bd3 a5 35. g4 Qa7 36. f4 a4 37. bxa4 bxa4 38. g5 hxg5 39. fxg5 Nh5 40. Nc4 Nf4+ 41. Kf3 Nxd3 42. Qxd3 Qa6 43. Nb2 Qa8 44. Nc4 Nxc4 45. Qxc4 a3 46. Qa2 Kf8 47. Ke3 Ke7 48. g6 fxg6 49. Qc4 a2 50. Qxc5+ Kf7 51. Qd6 Qe8+ 0-1

[Event "FIDE Youth Super Final U18 g"]
[Site "Tornelo INT"]
[Date "2021.12.19"]
[Round "4"]
[White "Donghvani, Nia"]
[Black "Singgih, Diajeng Theresa"]
[Result "1-0"]
[WhiteElo "1983"]
[BlackElo "1972"]
[PlyCount "81"]
[EventDate "2021.12.18"]
[EventType "tourn (rapid)"]
[EventRounds "10"]
[EventCountry "NET"]
[SourceTitle "EXT 2023"]
[Source "ChessBase"]
[SourceDate "2022.10.05"]
[SourceVersion "1"]
[SourceVersionDate "2022.10.05"]
[SourceQuality "1"]

1. c4 e5 2. Nc3 Nf6 3. g3 c6 4. Bg2 d5 5. cxd5 cxd5 6. d4 e4 7. f3 Bb4 8. Bd2 0-0 9. fxe4 dxe4 10. Nxe4 Nxe4 11. Bxb4 Re8 12. Nf3 Nc6 13. Bc3 Be6 14. 0-0 Bd5 15. Qd3 Qe7 16. Rfe1 Qe6 17. Nd2 f5 18. e3 Rab8 19. b3 b5 20. Nxe4 fxe4 21. Qe2 b4 22. Bd2 Nd8 23. Rac1 Nf7 24. Rc5 Red8 25. h4 Nh6 26. Rf1 Qg6 27. Be1 Rbc8 28. Rxc8 Rxc8 29. Qb5 Be6 30. Qe5 Bf5 31. Bxb4 Re8 32. Qf4 Qa6 33. Bh3 Qb5 34. Bxf5 Qxb4 35. Bxe4 Kh8 36. Bg2 Qc3 37. Bd5 Qb4 38. g4 Ng8 39. Bxg8 Rxg8 40. d5 h6 41. Qxb4 1-0

[Event "FIDE Youth Super Final U18 g"]
[Site "Tornelo INT"]
[Date "2021.12.19"]
[Round "3"]
[White "Singgih, Diajeng Theresa"]
[Black "Donghvani, Nia"]
[Result "1-0"]
[WhiteElo "1972"]
[BlackElo "1983"]
[PlyCount "61"]
[EventDate "2021.12.18"]
[EventType "tourn (rapid)"]
[EventRounds "10"]
[EventCountry "NET"]
[SourceTitle "EXT 2023"]
[Source "ChessBase"]
[SourceDate "2022.10.05"]
[SourceVersion "1"]
[SourceVersionDate "2022.10.05"]
[SourceQuality "1"]

1. e4 c5 2. Nf3 d6 3. c3 Nf6 4. Bd3 Nc6 5. Bc2 Bg4 6. h3 Bh5 7. 0-0 e6 8. d3 Be7 9. Be3 d5 10. Nbd2 d4 11. cxd4 cxd4 12. Bf4 e5 13. Bh2 Nd7 14. g4 Bg6 15. Nc4 Qb8 16. a4 b6 17. Rc1 0-0 18. Bb3 a6 19. Na3 Bxa3 20. Rxc6 Bxb2 21. h4 Rc8 22. Rxc8+ Qxc8 23. h5 Bxh5 24. gxh5 Qe8 25. Ng5 Qe7 26. Nxf7 Kf8 27. f4 Ke8 28. fxe5 Ba3 29. Qg4 g6 30. Nd6+ Bxd6 31. Rf7 1-0

[Event "FIDE Youth Super Final U18 g"]
[Site "Tornelo INT"]
[Date "2021.12.18"]
[Round "2"]
[White "Donghvani, Nia"]
[Black "Ismayil, Malak"]
[Result "0-1"]
[WhiteElo "1983"]
[BlackElo "2058"]
[PlyCount "104"]
[EventDate "2021.12.18"]
[EventType "tourn (rapid)"]
[EventRounds "10"]
[EventCountry "NET"]
[SourceTitle "EXT 2023"]
[Source "ChessBase"]
[SourceDate "2022.10.05"]
[SourceVersion "1"]
[SourceVersionDate "2022.10.05"]
[SourceQuality "1"]

1. e4 e5 2. Nf3 Nc6 3. Bb5 a6 4. Ba4 Nf6 5. 0-0 b5 6. Bb3 Be7 7. d3 0-0 8. c3 d6 9. h3 h6 10. Re1 Re8 11. Nbd2 Bf8 12. Nf1 Qe7 13. Ng3 g6 14. a4 Bb7 15. Bc2 Bg7 16. Bd2 Nb8 17. Qc1 Kh7 18. d4 c5 19. d5 c4 20. b3 cxb3 21. Bxb3 Nbd7 22. Bc2 bxa4 23. Rxa4 Nc5 24. Ra3 Qc7 25. Be3 Nfd7 26. Nd2 Nb6 27. Qd1 Ncd7 28. h4 Bc8 29. h5 Nf6 30. hxg6+ fxg6 31. Bxb6 Qxb6 32. Nc4 Qc5 33. Bd3 Ng4 34. Rf1 Rf8 35. Ra2 Bd7 36. Qe2 h5 37. Nh1 Bb5 38. Rfa1 Rac8 39. Ra5 Rf7 40. Nd2 Qxc3 41. Bxb5 axb5 42. Nf3 Rb7 43. Ra6 Bf6 44. Rb1 Be7 45. Ne1 b4 46. Nd3 b3 47. Ng3 Qc2 48. Qxc2 Rxc2 49. Rc6 Rd2 50. Rc3 Bh4 51. Rcxb3 Rxb3 52. Rxb3 Bxg3 0-1

[Event "EU-ch Hybrid U18 Girls"]
[Site "Tornelo INT"]
[Date "2021.10.15"]
[Round "5"]
[White "Esadze, Tamari"]
[Black "Donghvani, Nia"]
[Result "1/2-1/2"]
[WhiteElo "1921"]
[BlackElo "1959"]
[PlyCount "69"]
[EventDate "2021.10.15"]
[EventType "swiss"]
[EventRounds "9"]
[EventCountry "NET"]
[SourceTitle "EXT 2023"]
[Source "ChessBase"]
[SourceDate "2022.10.05"]
[SourceVersion "1"]
[SourceVersionDate "2022.10.05"]
[SourceQuality "1"]
[WhiteTeam "Georgia"]
[BlackTeam "Georgia"]
[WhiteTeamCountry "GEO"]
[BlackTeamCountry "GEO"]

1. e4 c5 2. Nf3 d6 3. d4 cxd4 4. Qxd4 Nc6 5. Bb5 Bd7 6. Bxc6 Bxc6 7. Nc3 e6 8. Bg5 Qb6 9. Qxb6 axb6 10. 0-0 Be7 11. Be3 Nf6 12. e5 Nd7 13. exd6 Bxd6 14. Rfd1 Ke7 15. Nd4 Ra5 16. a3 Rha8 17. Rd2 Ne5 18. Nxc6+ bxc6 19. Ne4 Bc7 20. Rad1 Rd5 21. Rxd5 exd5 22. Ng3 g6 23. Re1 Kd7 24. Bc1 Re8 25. Rd1 b5 26. Ne4 Ng4 27. Nc5+ Kc8 28. h3 Nf6 29. Be3 Ne4 30. Kf1 Ng3+ 31. fxg3 Rxe3 32. Kf2 Re7 33. Nd3 Bb6+ 34. Kf1 Bc7 35. Kf2 1/2-1/2

[Event "Tbilisi Gaprindashvili Cup (Women)"]
[Site "Tbilisi"]
[Date "2021.09.13"]
[Round "1"]
[White "Gvetadze, Sofio"]
[Black "Donghvani, Nia"]
[Result "1/2-1/2"]
[WhiteElo "2302"]
[BlackElo "1959"]
[PlyCount "63"]
[EventDate "2021.09.13"]
[EventType "swiss"]
[EventRounds "8"]
[EventCountry "GEO"]
[SourceTitle "CBM 204 Extra"]
[Source "ChessBase"]
[SourceDate "2021.11.30"]
[SourceVersion "1"]
[SourceVersionDate "2021.11.30"]
[SourceQuality "1"]

1. Nf3 c5 2. g3 Nc6 3. Bg2 e5 4. 0-0 d5 5. c4 d4 6. e3 e4 7. Ne1 Nf6 8. d3 Bg4 9. f3 exf3 10. Nxf3 Qd7 11. exd4 Nxd4 12. Qe1+ Be6 13. Nxd4 Qxd4+ 14. Be3 Qd7 15. Nc3 Be7 16. Rd1 Ng4 17. Nd5 Nxe3 18. Qxe3 0-0 19. Nxe7+ Qxe7 20. d4 cxd4 21. Qxd4 Rad8 22. Qe3 Qb4 23. b3 b6 24. Bd5 Bxd5 25. cxd5 Rd6 26. Rf4 Qb5 27. a4 Qd7 28. Rfd4 h6 29. Qd3 Rd8 30. Kg2 Qb7 31. Qf3 a6 32. R1d2 1/2-1/2